| Tag |
First Indicator |
Second Indicator |
Subfields |
| LEADER |
00000cam a2200000 a 4500 |
| 001 |
in00000748166 |
| 005 |
20151016092133.0 |
| 007 |
hd afa014baca |
| 008 |
790709s1850 ctu a 00011 eng d |
| 035 |
|
|
|a (OCoLC)05150547
|
| 035 |
|
|
|9 ADH5510AM
|
| 040 |
|
|
|a UNA
|c UNA
|d m.c.
|d LWS
|d UtOrBLW
|
| 049 |
|
|
|a TXAI
|
| 090 |
|
|
|a PS15
|
| 099 |
|
|
|a film
|a B
|a 1551
|
| 100 |
1 |
|
|a Bennett, Emerson,
|d 1822-1905.
|
| 245 |
1 |
0 |
|a Oliver Goldfinch, or, The hypocrite /
|c by Emerson Bennett.
|
| 264 |
|
1 |
|a Cincinnati :
|b Stratton & Barnard,
|c 1850.
|
| 300 |
|
|
|a 133 pages
|
| 336 |
|
|
|a text
|b txt
|2 rdacontent
|
| 337 |
|
|
|a microform
|b h
|2 rdamedia
|
| 338 |
|
|
|a microfilm reel
|b hd
|2 rdacarrier
|
| 533 |
|
|
|a Microfilm.
|b Woodbridge, Conn. :
|c Research Publications,
|d 1970-1978.
|e 1 microfilm reel ; 35 mm.
|f (Wright American fiction ; v. 1 (1774-1850), reel B-4, no. 303)
|
| 500 |
|
|
|a Microform.
|
| 999 |
|
|
|a MARS
|
| 999 |
f |
f |
|s 76c207dd-a86e-3c08-8890-441e78c22513
|i c90eab0b-1da8-371d-bbf7-8187a9299f4f
|t 0
|
| 952 |
f |
f |
|p default
|a Texas A&M University
|b College Station
|c Sterling C. Evans Library
|d Evans: Microforms (3rd floor)
|t 0
|e film B 1551 v. 1 reel B-4 no. 303
|h Other scheme
|i microform -- microfilm reel
|
| 998 |
f |
f |
|a film B 1551 v. 1 reel B-4 no. 303
|t 0
|l Evans: Microforms (3rd floor)
|